00338pab a2200121 454500008004000000100001800040245006000058260000900118300001100127362001100138650002100149773004600170180718b1984 xxu||||| |||| 00| 0 eng d aFrenkal, Orit aFlying highbA case study of Japanese industrial policy c1984 a406-20 aSpring aIndustry - Japan aJournal of Policy Analysis and Management